00435nam a2200109Ia 4500008004100000050002800041100003000069245008600099260008500185300002800270521002700298140724s9999 xx 000 0 und d aQA 76.9.S88b.P196 2010 aPansacola, Kevin Moses B. aOnline recruitment system of generation one resource /cKevin Moses B. Pansacola. aLas Piñas, Philippines :bSouthville International School and Colleges,cc2010 a51 p. :bill. ;c28 cm. aInformation Technology